000 00522nam a2200181Ia 4500
001 57328
008 140110n ii |||gr||||Z||||||465
020 _a978 0 263 86678 0
082 _a823
245 0 _aThe Sheikh and the Virgin :
_b100 Arabian Nights /
_cKim Lawrence .
_hTextual Documents
250 _aIst ed.
260 _aSurrey:
_bHarlequin Mills & Boon Limited ,
_c2008.
300 _a378pg:
_c19cm.
653 _aEnglish fiction
653 _aG- English
700 _aLawrence, Kim ,
_eAuthor.
942 _2ddc
_cBK
999 _c57241
_d57241